000 00849nam a2200253Ia 4500
003 OSt
005 20220923220530.0
006 a|||||r|||| 00| 0
007 ta
008 220922b |||||||| |||| 00| 0 hin d
024 _a187,425
037 _cTextual
040 _aARTS
_cARTS
_bhin
041 _2hin
_ahin
082 _aWxK32, 152K0
100 _aलॉक, जॉन
245 0 _aशासन पर दो निबन्ध, अनु सरला मोहनलाल
246 _aShāsan par do nibandha, anu0 saralā mohanalāla
260 _aउतर प्रदेश
_b प्रकाशन शाखा
_c1960
300 _a274पृ.
_ccm.
650 _aराजनीतिक विज्ञान
_9156276
942 _hWxK32, 152K0
_cTEXL
_2CC
999 _c340502
_d340502